Membrane for Energy Conversion (Record no. 2244)

MARC details
000 -LEADER
fixed length control field 00337nam a22001337a 4500
008 - FIXED-LENGTH DATA ELEMENTS--GENERAL INFORMATION
fixed length control field 250311b |||||||| |||| 00| 0 eng d
020 ## - INTERNATIONAL STANDARD BOOK NUMBER
ISBN 9783527314812
100 ## - MAIN ENTRY--AUTHOR
Author Peinemann Klaus-Victor
245 ## - TITLE STATEMENT
Title Membrane for Energy Conversion
260 ## - PUBLICATION, DISTRIBUTION, ETC. (IMPRINT)
Place of publication Weinheim
Name of publisher Wiley-VCH
Date of publication 2008
300 ## - COLLATION
Pagination xvii,286p
942 ## - ADDED ENTRY ELEMENTS (KOHA)
Item type Books
050 ## - LIBRARY OF CONGRESS CALL NUMBER
Classification number TP159
Item number .M47
Holdings
Source of classification or shelving scheme Not for loan Permanent location Current location Date acquired Accession No. Full call number Barcode. Koha item type
Library of Congress Classification   Samuel Ogbemudia Main Library, University of Abuja Samuel Ogbemudia Main Library, University of Abuja 03/11/2025 2024/64286 TP159.M4 2025-0490 Books